| 000 | 00407nam a2200169Ia 4500 | ||
|---|---|---|---|
| 008 | 180207s9999 xx 000 0 und d | ||
| 020 | _a806008685252 | ||
| 050 | _bS187 2012 | ||
| 245 | _aSam the cat : | ||
| 245 | _ba use-your-words feeling book / | ||
| 260 | _aUSA : | ||
| 260 | _bThe Clever Factory, | ||
| 260 | _c2012 | ||
| 300 | _aunpaged : | ||
| 300 | _bcolor illustration ; | ||
| 300 | _c29cm. | ||
| 999 |
_c355355 _d355355 |
||